000 nam a22 7a 4500
999 _c10287
_d10287
008 180213b ||||| |||| 00| 0 eng d
100 _aVidyarthi A
_96254
245 _aGo Grammer Class -V
260 _aNew Delhi
_bR K publication
_c2013